| 000 | 00746nam a2200217Ii 4500 | ||
|---|---|---|---|
| 003 | JO-AjNU | ||
| 008 | 230605s9999||||xx |||||||||||||| ||und|| | ||
| 040 |
_aJO-AjNU _bara _erda _cJO-AjNU |
||
| 041 | _aara | ||
| 050 | 1 | 4 | _aBS1693.A6.Z35 2006 |
| 100 | 3 |
_aزكار، سهيل, _eauthor _923450 |
|
| 245 | 0 | 0 | _aالمحذوف من التوراة كاملا |
| 250 | _aط1 | ||
| 264 | 3 | 1 | _aدمشق: دار قتيبة للطباعة والنشر والتوزيع، 2006 |
| 300 | _a608ص | ||
| 336 |
_atext _btxt _2rdacontent |
||
| 337 |
_aunmediated _bn _2rdamedia |
||
| 338 |
_avolume _bnc _2rdacarrier |
||
| 490 | 0 | _aالنصوص اليهودية المسيحية المقدسة | |
| 650 | 4 |
_aالانجيل- التوراة- تاريخ _923451 |
|
| 999 |
_aA8485 _c12053 _d12053 |
||